Memida dan gespa
| Main Author: | |
|---|---|
| Format: | Book |
| Published: |
Johor Bahru :
Badan book store sdn.bhd. ,
1994
|
| Series: | Siri alam rimba
|
MARC
| LEADER | 00000cam a2200000 7i4500 | ||
|---|---|---|---|
| 001 | 0000071857 | ||
| 005 | 20170329.0 | ||
| 008 | 170329 | ||
| 020 | |a 9839850032 (set) | ||
| 020 | |a 9839850083 | ||
| 090 | 0 | 0 | |a JF |b MAL |
| 100 | 1 | |a Matlob | |
| 245 | 1 | 0 | |a Memida dan gespa |c Matlob |
| 260 | |a Johor Bahru : |b Badan book store sdn.bhd. , |c 1994 | ||
| 490 | 1 | |a Siri alam rimba | |
| 999 | |a 0000798193 |b Book |c Children Collection |e Cawangan Pontian | ||